Zgadnij jaki to kraj! - Statystyki

Ogólne statystyki
  • Ten quiz został rozwiązany 465 razy
  • Średni wynik to 11 z 22
Statystyki odpowiedzi
Hint Odpowiedź % Poprawnych
maria curie, pierogi, wisła Polska
95%
najmniejsze państwo na świecie Watykan
76%
drugi co do wielkosci kraj na swiecie Kanada
75%
Państwo z najwiekszą ilościa stref czasowych Francja
70%
to państwo ma 2 enklawy Włochy
66%
kraj na F w Oceanii Fidżi
64%
rowery, kwiaty, ser Holandia/Niderlandy
64%
izby parlamentu tego kraju to izba lodrdów i izba gmin Wielka Brytania
61%
tu powstał minecraft Szwecja
58%
w tym kraju znajduje się siedziba NATO Belgia
53%
najbardziej wysunięty na południe kraj europy Malta
53%
najbogatszy kraj w europie Luksemburg
48%
znajduje sie tam wulkan fudżi Japonia
44%
tu urodziła się shakira Kolumbia
44%
afrykańskie państwo z flagą podobną do USA Liberia
43%
Quesadilla pochodzi z tego kraju Meksyk
43%
kraj świętujący dzień polskiego osadnika Argentyna
39%
najmłodsze państwo na świecie Sudan Południowy
38%
stolicą tego kraju jest Caracas Wenezuela
38%
mieszkańcy tego kraju są nazywani "kiwi" Nowa Zelandia
30%
najwyżej położone jezioro na świecie (Jezioro Titanica) znajduje się w tym kraju. Peru/Boliwia
21%
prezydent tego kraju to Ebrahim Ra’isi Iran
17%
Nie znaleziono quizów pasujących do podanych kryteriów
Rozkład punktacji
Procent ludzi z każdym wynikiem
Percentyl według liczby udzielonych odpowiedzi
Twoja historia wyników
Nie rozwiązałeś tego quizu